000 00264nam a22000977a 4500
100 _aChatterjeee,Dr. Madhuchhanda
_979675
245 _aThree Farceure Tagore, Chekhov,Wilde
260 _aKolkata
_bDrima Donna Pub.
_c2016
650 _aChildren Book
_979676
942 _cBK
999 _c63300
_d63300